LEADER 00893nam0-22003251i-450- 001 990000516450403321 005 20101124163804.0 010 $a0-13-117003-1 035 $a000051645 035 $aFED01000051645 035 $a(Aleph)000051645FED01 035 $a000051645 100 $a20020821d1995----km-y0itay50------ba 101 0 $aeng 105 $ay-------001yy 200 1 $a<>draft standard C++$eLibrary$fP. J. Plauger 210 $aEnglewood$cPrentice-Hall$d1995 215 $aXVI, 590 p.$d24 cm 610 0 $aC++ 610 0 $aOGGETTI 610 0 $aLinguaggi di programmazione$aC 676 $a004 700 1$aPlauger,$bP. J.$g$021760 801 0$aIT$bUNINA$gRICA$2UNIMARC 901 $aBK 912 $a990000516450403321 952 $a10 P.T. 699$bDIS 3555$fDINEL 959 $aDINEL 996 $aDraft standard C++$9330848 997 $aUNINA